Ulice w Gdańsku zaczynające się na Ź lub Ż - Statystyki

Ogólne statystyki
  • Ten quiz został rozwiązany 15 razy
  • Średni wynik to 4 z 23
Statystyki odpowiedzi
Odpowiedź % Poprawnych
Żabia
40%
Żabi Kruk
40%
Żeleńskiego
40%
Żonkilowa
40%
Żubrowa
40%
Żuławska
40%
Żurawia
40%
Żaków
20%
Żeromskiego
20%
Żniwna
20%
Żołnierska
20%
Źródlana
20%
Żukowska
20%
Żytnia
20%
Żywiecka
20%
Żaglowa
0%
Żarnowiecka
0%
Żawrockiego
0%
Żeglarska
0%
Żołnierzy Wyklętych
0%
Żwirki i Wigury
0%
Życzliwa
0%
Żylewicza
0%
Nie znaleziono quizów pasujących do podanych kryteriów
Rozkład punktacji
Procent ludzi z każdym wynikiem
Percentyl według liczby udzielonych odpowiedzi
Twoja historia wyników
Nie rozwiązałeś tego quizu